000 01505cam a2200373 i 4500
001 14771530
003 EG-ScBUE
005 20260511135916.0
008 070316s2007 gw a f b 001 0 eng d
020 _a9783540461289 (hbk.)
020 _a3540461280 (hbk.)
035 _a(OCoLC)ocm77541307
040 _aUKM
_beng
_erda
_cUKM
_dBTCTA
_dBAKER
_dYDXCP
_dOCLCQ
_dOHX
_dAGL
_dNLGGC
_dDLC
_dEG-ScBUE
041 1 _aeng
_hfre
082 0 4 _a547.05
_222
_bAST
100 1 _aAstruc, D.
_q(Didier)
_eauthor.
_94463
240 1 0 _aChimie organométallique.
_lEnglish
245 1 0 _aOrganometallic chemistry and catalysis /
_cDidier Astruc.
264 1 _aBerlin ;
_aNew York :
_bSpringer,
_c[2007]
264 4 _cc2007
300 _axii, 608 pages :
_billustrations ;
_c26 cm
336 _2rdacontent
_atext
_btxt
337 _aunmediated
_2rdamedia
_bn
338 _avolume
_bnc
_2rdacarrier
500 _a"Originally published in French: Didier Astruc, Chimie organométallique, EDP Sciences, Grenoble, 2000"--T.p. verso.
504 _aIncludes bibliographical references and index.
650 7 _aOrganometallic chemistry.
_2BUEsh
_94464
650 7 _aOrganometallic chemistry
_vProblems, exercises, etc.
_2BUEsh
_94465
650 7 _aMetal complexes.
_2BUEsh
_94466
655 _vReading book
856 4 2 _3Publisher description
_uhttp://www.loc.gov/catdir/enhancements/fy0826/2007924912-d.html
856 4 1 _3Table of contents only
_uhttp://www.loc.gov/catdir/enhancements/fy0826/2007924912-t.html
942 _2ddc
_cBB
999 _c11466
_d11466